常用漢字表にある国字 - Statistics

General Stats
  • This quiz has been taken 153 times
  • The average score is 3 of 10
Answer Stats
Answer % Correct
65%
64%
62%
16%
15%
14%
11%
11%
10%
7%
No matching quizzes found
Score Distribution
Percent of People with Each Score
Percentile by Number Answered
Your Score History
You have not taken this quiz